[Event "Quem perder imita a Gretchen!"]
[Site "http://www.queenalice.com/game.php?id=914401"]
[Date "2011.3.18"]
[Round "-"]
[White "donvitonet"]
[Black "marison"]
[Result "0-1"]
[WhiteElo "1176"]
[BlackElo "1646"]

1. c4 Nf6 2. e4 Nxe4 3. f3 Nc5 4. a3 d5 5. cxd5 Qxd5 6. d4 Nb3 7. Ra2 Nxc1 8.
Qxc1 Qxa2 9. Bb5+ Bd7 10. a4 Bxb5 11. axb5 Qa5+ 12. Nd2 Qxb5 13. Qxc7 Qd7 14.
Qa5 Qxd4 15. Ne2 Qb6 16. Qc3 Nc6 17. Nd4 Nxd4 18. Kd1 e6 19. h4 Bb4 20. Qd3 O-O
21. Re1 Rfd8 22. g4 Nxf3 23. Re5 Rxd3 24. h5 Qg1+ 25. Ke2 Ne1 26. Kd1 Rxd2+ 27.
Kc1 Nd3# 0-1

[Event "Challenge"]
[Site "http://www.queenalice.com/game.php?id=914425"]
[Date "2011.3.19"]
[Round "-"]
[White "ijro"]
[Black "donvitonet"]
[Result "1-0"]
[WhiteElo "984"]
[BlackElo "1162"]

1. e3 d5 2. Be2 e6 3. Nf3 c6 4. O-O b5 5. d4 a5 6. Ne5 Bb4 7. Bh5 g6 8. Bg4 Na6
9. c3 Be7 10. Qf3 h5 11. Bh3 Nh6 12. Nxc6 Qd7 13. Ne5 Qb7 14. Nd2 b4 15. Qf4 Rh7
16. Ndf3 Ng4 17. Bxg4 hxg4 18. Qxg4 g5 19. a3 Bf6 20. Nd3 e5 21. Qg3 g4 22. Nfe1
Bh4 23. Qxe5+ Be6 24. Nc2 Rc8 25. axb4 axb4 26. Ncxb4 Nxb4 27. cxb4 g3 28. fxg3
Bxg3 29. Qxg3 Rh8 30. Ne5 Ra8 31. Rb1 f6 32. Ng6 Rg8 33. Rxf6 Qxb4 34. Rxe6+ Kf7
35. Rc6 Ra3 36. Qf3+ Ke8 37. Ne5 Qe1+ 38. Qf1 Rxe3 39. Bxe3 Qxe3+ 40. Kh1 Rf8
41. Qd1 Rf4 42. Ra1 Rf2 43. Rc7 Kd8 44. Rh7 Rxb2 45. Ra8+ Rb8 46. Rxb8# 1-0

[Event "Challenge"]
[Site "http://www.queenalice.com/game.php?id=915858"]
[Date "2011.3.22"]
[Round "-"]
[White "acandidojr"]
[Black "donvitonet"]
[Result "1-0"]
[WhiteElo "1313"]
[BlackElo "1126"]

1. e4 e5 2. Nf3 Bb4 3. c3 Bd6 4. d4 Nf6 5. dxe5 Bxe5 6. Nxe5 d6 7. Nf3 Nxe4 8.
Bd3 Nc5 9. O-O Be6 10. b4 Ncd7 11. Nbd2 Ne5 12. Nxe5 dxe5 13. Qf3 g5 14. Ne4 g4
15. Nf6+ Kf8 16. Bh6+ Ke7 17. Qe3 Bb3 18. Qxe5+ Be6 19. Bg5 h6 20. Nd5+ Ke8 21.
Bxd8 Nc6 22. Qxh8+ Kd7 23. Nf6+ Kd6 24. Be7+ Kxe7 25. Qxa8 Kxf6 26. Qxb7 Bd5 27.
c4 Nxb4 28. Qxb4 c5 29. Qxc5 Be6 30. Qd4+ Ke7 31. Rfb1 h5 32. Rb7+ Ke8 33. Qh8#
1-0

[Event "Challenge"]
[Site "http://www.queenalice.com/game.php?id=916143"]
[Date "2011.3.22"]
[Round "-"]
[White "TomRipley"]
[Black "donvitonet"]
[Result "1-0"]
[WhiteElo "2086"]
[BlackElo "1114"]

1. d4 d5 2. c4 c6 3. Nc3 e6 4. Nf3 Bb4 5. Bd2 Qa5 6. a3 Bd6 7. Nxd5 Qd8 8. Nc3
c5 9. Nb5 a6 10. Nxd6+ Qxd6 11. dxc5 Qxc5 12. Bc3 Nc6 13. Bxg7 Qxc4 14. Bxh8 f6
15. e3 b5 16. Bxc4 bxc4 17. Qd6 Bd7 18. O-O-O Nb4 19. Qxd7+ Kf8 20. Bg7# 1-0

[Event "Challenge"]
[Site "http://www.queenalice.com/game.php?id=916166"]
[Date "2011.3.22"]
[Round "-"]
[White "alexcesarfe"]
[Black "donvitonet"]
[Result "1-0"]
[WhiteElo "1594"]
[BlackElo "1101"]

1. e4 e5 2. d3 g5 3. g4 Nf6 4. Bxg5 Rg8 5. Bxf6 Qxf6 6. f3 Qa6 7. a3 h6 8. Nc3
c5 9. Nd5 d6 10. Nc7+ Kd8 11. Nxa6 bxa6 12. Qd2 a5 13. Qxa5+ Kd7 14. d4 exd4 15.
Bb5+ Nc6 16. Bxc6+ Kxc6 17. Nh3 Be7 18. b4 c4 19. b5+ Kc5 20. b6+ Kc6 21. Qd5+
Kxb6 22. Qxa8 Bh4+ 23. Nf2 c3 24. Rb1+ Ka5 25. Qb8 Ka4 26. Qb4# 1-0

[Event "Challenge"]
[Site "http://www.queenalice.com/game.php?id=917344"]
[Date "2011.3.25"]
[Round "-"]
[White "donvitonet"]
[Black "montelo"]
[Result "0-1"]
[WhiteElo "1114"]
[BlackElo "2180"]

1. g4 e5 2. h4 Qf6 3. Nf3 Bc5 4. e3 b6 5. c3 Bb7 6. d4 exd4 7. cxd4 Bxf3 8. Be2
Bxh1 9. dxc5 bxc5 10. g5 Qf5 11. f4 Be4 12. Nc3 Nc6 13. b4 Nxb4 14. Ba3 Nc2+ 15.
Kf2 Nxa1 16. Qxa1 Bc6 17. e4 Qh3 18. Bf3 Qxh4+ 19. Kg1 Qg3+ 20. Kh1 Qxf3+ 21.
Kg1 Qxf4 22. Qf1 Qe3+ 23. Kh1 Qxc3 24. Qg2 Qxa3 25. Qf2 Bxe4+ 26. Kg1 Rb8 27.
Kh2 Rb2 28. Qg2 Rxg2+ 29. Kh1 Qc1# 0-1

[Event "Vamos lá!"]
[Site "http://www.queenalice.com/game.php?id=917466"]
[Date "2011.3.25"]
[Round "-"]
[White "donvitonet"]
[Black "marison"]
[Result "0-1"]
[WhiteElo "1114"]
[BlackElo "1672"]

1. Nc3 d5 2. b4 d4 3. Ne4 e5 4. Rb1 Bf5 5. h3 Bxe4 6. f3 Bg6 7. c3 Nf6 8. g4 h6
9. h4 h5 10. g5 Nfd7 11. e3 dxe3 12. dxe3 Nc6 13. e4 Qe7 14. b5 Na5 15. Qa4 b6
16. Ba3 Qxa3 17. Qxa3 Bxa3 18. Rd1 Nc5 19. Rh2 Na4 20. Rhd2 Nxc3 21. Rd5 Nxd5
22. Rxd5 O-O 23. Rxe5 Rad8 24. Nh3 Rd3 25. Bxd3 Rd8 26. Nf4 Bd6 27. Rd5 Re8 28.
Be2 Bxf4 29. Rd7 Re6 30. Bd3 Kf8 31. Rxc7 Bxc7 32. f4 Bxf4 33. a3 Bg3+ 34. Ke2
Bxh4 35. e5 Rxe5+ 36. Kd2 Bxg5+ 37. Kc2 Re2+ 38. Kc3 Bf6+ 39. Kb4 Bxd3 40. Ka4
Bc2+ 41. Kb4 Re4# 0-1

[Event "Challenge"]
[Site "http://www.queenalice.com/game.php?id=919754"]
[Date "2011.3.30"]
[Round "-"]
[White "Ticovi"]
[Black "donvitonet"]
[Result "1-0"]
[WhiteElo "1734"]
[BlackElo "1103"]

1. e4 Nf6 2. Nc3 d6 3. d4 Nc6 4. Nf3 h6 5. a3 g5 6. h3 a6 7. Bd3 b5 8. d5 Na5 9.
b4 Nb7 10. Be3 e5 11. dxe6 fxe6 12. a4 bxa4 13. Rxa4 e5 14. Bxa6 Rb8 15. Qd3 g4
16. hxg4 Nxg4 17. Qd2 Nxe3 18. Qxe3 Rg8 19. g3 Be7 20. Qxh6 Ra8 21. Bb5+ Bd7 22.
Bxd7+ Kxd7 23. Rh5 c6 24. Qh7 Rf8 25. Rf5 c5 26. Rxf8 Qxf8 27. Rxa8 Qxa8 28.
bxc5 Nxc5 29. Nd5 Nd3+ 30. cxd3 Qa1+ 31. Ke2 Qa2+ 32. Nd2 Qa8 33. Nb6+ Ke6 34.
Qf5# 1-0

[Event "Challenge"]
[Site "http://www.queenalice.com/game.php?id=921869"]
[Date "2011.4.4"]
[Round "-"]
[White "alcantaraafonso"]
[Black "donvitonet"]
[Result "0-1"]
[WhiteElo "1118"]
[BlackElo "1103"]

1. e4 f6 2. Qh5+ g6 3. Qh3 h5 4. Bc4 e6 5. d4 c6 6. Nf3 b5 7. Bb3 g5 8. g3 g4 9.
Qg2 gxf3 10. Qxf3 a5 11. d5 a4 12. dxc6 axb3 13. cxb3 dxc6 14. O-O e5 15. Bd2
Bh3 16. Nc3 Bxf1 17. Rxf1 Qxd2 18. Ne2 Qxb2 19. Qf5 Rxa2 20. Qc8+ Ke7 21. Qc7+
Nd7 22. Rd1 Ra1 23. Qxc6 Rxd1+ 24. Kg2 Qxe2 25. b4 Rf1 26. Qc3 Qxf2+ 27. Kh3 h4
28. Kg4 Rg1 29. Qf3 Qxh2 30. Kf5 Rxg3 31. Qg4 Rxg4 32. Kxg4 Qg2+ 33. Kf5 Rh5#
0-1

[Event "Challenge"]
[Site "http://www.queenalice.com/game.php?id=923413"]
[Date "2011.4.8"]
[Round "-"]
[White "alcantaraafonso"]
[Black "donvitonet"]
[Result "1-0"]
[WhiteElo "1097"]
[BlackElo "1121"]

1. g3 d5 2. Bg2 c6 3. Nf3 f6 4. d4 g5 5. Nxg5 fxg5 6. Bxg5 h6 7. Bh4 b5 8. b4
Na6 9. c3 h5 10. Qd3 Rh6 11. O-O Nf6 12. Nd2 Ng8 13. Nf3 Bg7 14. Qe3 Nf6 15. Qe5
Rg6 16. e4 dxe4 17. Ng5 Rh6 18. Ne6 Bxe6 19. Qxe6 Nd5 20. Qg8+ Bf8 21. Bxe4 Nxc3
22. Bxc6+ Rxc6 23. Rac1 Nxb4 24. a3 Qxd4 25. Rfe1 Nba2 26. Rxe7+ Kd8 27. Rh7+
Kc8 28. Re1 Ne4 29. Qxf8+ Qd8 30. Qxd8# 1-0

[Event "w Challenge"]
[Site "http://www.queenalice.com/game.php?id=924929"]
[Date "2011.4.12"]
[Round "-"]
[White "Daghdha"]
[Black "donvitonet"]
[Result "1-0"]
[WhiteElo "1153"]
[BlackElo "1103"]

1. e4 d6 2. d4 f6 3. d5 b5 4. Bxb5+ Kf7 5. Nf3 g5 6. h3 a6 7. Bc4 h5 8. Nd4 h4
9. Nc6 Nxc6 10. dxc6+ e6 11. Qf3 Rb8 12. b3 Nh6 13. Bxg5 Nf5 14. exf5 d5 15.
fxe6+ Kxe6 16. Bxd5+ Qxd5 17. Qxf6# 1-0

[Event "b Challenge"]
[Site "http://www.queenalice.com/game.php?id=924930"]
[Date "2011.4.12"]
[Round "-"]
[White "donvitonet"]
[Black "Daghdha"]
[Result "0-1"]
[WhiteElo "1103"]
[BlackElo "1313"]

1. d4 d5 2. f4 f5 3. h4 Qd6 4. a3 Nc6 5. c3 Be6 6. g3 Nf6 7. e3 Ne4 8. b4 Nxg3
9. Rh3 Nxf1 10. Kxf1 Bf7 11. b5 Na5 12. a4 Nc4 13. Rg3 O-O-O 14. a5 a6 15. bxa6
Qxa6 16. Rg5 Nxe3+ 17. Ke1 Nxd1 18. Kxd1 Qd3+ 19. Nd2 h6 20. a6 bxa6 21. Rxf5
Qxf5 22. Rxa6 Qg4+ 23. Ngf3 Qxf4 24. Ra8+ Kd7 25. Ra6 Bh5 26. Ra5 Bxf3+ 27. Nxf3
Qxf3+ 28. Ke1 Qxc3+ 29. Bd2 Qxd4 30. Ra7 Qxa7 31. Be3 e6 32. Bxa7 Ra8 33. Bc5
Ra2 34. Bxf8 Rxf8 35. h5 Rff2 36. Kd1 Ra1# 0-1

[Event "Isaias"]
[Site "http://www.queenalice.com/game.php?id=925272"]
[Date "2011.4.12"]
[Round "1"]
[White "donvitonet"]
[Black "marison"]
[Result "0-1"]
[WhiteElo "1099"]
[BlackElo "1665"]

1. d4 Nf6 2. f3 d5 3. g4 Nc6 4. c3 Qd6 5. Qd3 Bd7 6. Nh3 e5 7. dxe5 Nxe5 8. Nf4
Qe6 9. Qd1 Qd6 10. Ng2 Be7 11. h3 h6 12. b3 O-O-O 13. f4 Ng6 14. f5 Qg3+ 15. Kd2
Ne4+ 16. Kc2 d4 17. Qxd4 Bc6 18. Qxe4 Qxg2 19. Qd4 Qg3 20. Qe4 Qg2 21. Qa4 Qg3
22. Qc4 Ne5 23. Qc5 Qh4 24. Qc4 Qg3 25. Qe4 Qf2 26. Nd2 Qh4 27. Qe3 Qf6 28. Qxa7
Kd7 29. a4 Ke8 30. Rh2 Bd6 31. h4 Nxg4 32. Rg2 Ne3+ 33. Kb2 Nxg2 34. Nc4 Be5 35.
Na5 Bxc3+ 36. Ka3 Bxa1 37. Qxb7 Bxb7 38. Bxg2 Bxg2 39. Bf4 Bb2+ 40. Kb4 Rd4+ 41.
Nc4 Qb6# 0-1

[Event "Isaias"]
[Site "http://www.queenalice.com/game.php?id=962275"]
[Date "2011.7.19"]
[Round "2"]
[White "ijro"]
[Black "donvitonet"]
[Result "1-0"]
[WhiteElo "1261"]
[BlackElo "1089"]

1. e4 d6 2. Be2 a6 3. Nf3 f6 4. Nd4 c5 5. Nf5 e6 6. Ng3 g6 7. d3 Nc6 8. Nc3 b5
9. Be3 Bh6 10. Qd2 b4 11. Na4 Rb8 12. a3 bxa3 13. Rxa3 Rxb2 14. Nxb2 a5 15. Qd1
Bg5 16. Bd2 Qb6 17. c4 Qxb2 18. Rb3 Bxd2+ 19. Qxd2 Qxb3 20. Bg4 h5 21. Bf3 Nb4
22. O-O Nxd3 23. Bd1 Qxc4 24. Be2 Bb7 25. Bxd3 Qa4 26. Qc2 Qa3 27. Rb1 h4 28.
Ne2 Nh6 29. Rxb7 Qa1+ 30. Qc1 Qxc1+ 31. Nxc1 Nf7 32. Rb8+ Nd8 33. Bb5+ Kf7 34.
Rc8 h3 35. Rc7+ Kf8 36. Rd7 Rh4 37. gxh3 Rxe4 38. Nd3 c4 39. Nc1 c3 40. Rxd8+
Ke7 41. Re8+ Kf7 42. Rc8 Re5 43. Rxc3 Rxb5 44. Ne2 a4 45. Nd4 Rc5 46. Ra3 e5 47.
Nf3 e4 48. Nh4 Rc1+ 49. Kg2 g5 50. Nf5 Rc5 51. Nxd6+ Ke6 52. Nxe4 f5 53. Nxc5+
Kd6 54. Nxa4 Kd5 55. Re3 f4 56. Rd3+ Ke4 57. Nc5+ Kf5 58. Nd7 g4 59. h4 f3+ 60.
Kg3 Ke4 61. Rc3 Kd5 62. Nc5 Kd4 63. Rc2 Ke5 64. Kxg4 Kd4 65. Kxf3 Kd5 66. h5 Kd6
67. h6 Ke7 68. h7 Kf8 69. h8=Q+ Ke7 70. Rd2 Kf7 71. Rd6 Ke7 72. Re6+ Kf7 73.
Qh5+ Kf8 74. Qf5+ Kg8 75. Rf6 Kg7 76. Qg5+ Kh8 77. Rg6 Kh7 78. Qh5# 1-0

[Event "Challenge"]
[Site "http://www.queenalice.com/game.php?id=983400"]
[Date "2011.9.10"]
[Round "-"]
[White "donvitonet"]
[Black "rama123"]
[Result "0-1"]
[WhiteElo "1089"]
[BlackElo "1621"]

1. e4 c5 2. d3 Nc6 3. c3 d6 4. g4 Nf6 5. f3 e5 6. g5 Ng8 7. Nh3 Be7 8. a4 Qa5 9.
Na3 Be6 10. Nc4 Bxc4 11. dxc4 Nd4 12. Bd2 Ne6 13. Qb3 Rb8 14. Qd1 Qb6 15. a5
Qxb2 16. Qa4+ Kf8 17. Bc1 Qxc3+ 18. Bd2 Qxf3 19. Bg2 Qxg2 20. Rf1 Qxe4+ 21. Kf2
Qf5+ 22. Kg1 Qg4+ 23. Kh1 Qxh3 24. Rf2 Nxg5 25. Rg2 Nf3 26. Rg3 Qxh2# 0-1